00800cam a2200229 a 450000100100000000500170001000800410002702000150006804000230008308200180010610000280012424500740015226000290022630000210025549000260027665000320030265000330033483000330036791000340040095201210043499900150055500000779720200929154312.0940531s1992 ec 000 0 spa d a9978801693 aDO-SdBNPcAzUdDLC aE863.44bU15d1 aUbidia, Abdón.92150610aDivertinventos :blibro de fantasías y utopías /cAbdón Ubidia. aQuito :bLibresa,c1992. a116 p. ;c20 cm.1 aCrónica de sueños 4aCuentos ecuatorianos917829 4aLiteratura ecuatoriana93938 0aCrónica de sueños921507 aCatalogación por copia / LC 001052708MOaGRbGRcCTd2009-09-10iLF1l0oE863.44 U15dp7797-10r2020-06-25w2020-06-25y2ZPréstamo interno c7575d7575